000 00656nam a22001817a 4500
003 OSt
005 20140310181753.0
008 130628t xxu||||| |||| 00| 0 eng d
050 _aQA 273
_b.In61P3 2009
082 _aIB 372.2
_bM42-s1 2009
110 _aInternational Baccalaureate Organization
_9203
245 _a2009 practice examination for use with the IB diploma programme :
_bMathematics HL paper 3 /
_cInternational Baccalaureate Organization
260 _cc2009.
_a[S.I.] :
_bInternational Baccalaureate Organization,
300 _a9 leaves ;
_c30 cm.
650 _aExamination paper
_xMathematics
_914367
942 _2lcc
_cIB
_kIB
999 _c3320
_d3320